Le joueur le plus cher par club de Premier League - Statistiques

Statistiques générales
  • Ce quiz a été pris 163 fois
    52 depuis la dernière actualisation
  • Le résultat moyen est 8 sur 20
Statistiques - réponses
Club Valeur Marchande (Millions) Joueur % Correct
Manchester City 200 Erling Haaland
100%
Chelsea FC 110 Cole Palmer
94%
Arsenal FC 120 Bukayo Saka
92%
Liverpool FC 110 Florian Wirtz
75%
Manchester United 80 Bryan Mbeumo
69%
Newcastle United 80 Sandro Tonali
57%
Tottenham Hotspur 65 Micky van de Ven
51%
West-Ham United 35 Mateus Fernandes
39%
Aston Villa 80 Morgan Rogers
33%
Brentford FC 50 Igor Thiago
27%
Nottingham Forest 60 Elliot Anderson
25%
Everton FC 50 Iliman Ndiaye
25%
Crystal Palace 60 Adam Wharton
24%
Brighton & Hove Albion 55 Carlos Baleba
20%
FC Bournemouth 40 Éli Junior Kroupi
18%
Sunderland AFC 32 Habib Diarra
14%
Burnley FC 25 Lesley Ugochukwu
10%
Wolverhampton Wanderers 35 João Gomes
6%
Fulham FC 32 Oscar Bobb
2%
Leeds United 25 Ethan Ampadu
0%
Aucun quiz correspondant
Distribution des résultats
% des personnes avec chaque résultat
Percentile par nombre de réponses
Votre historique - résultats
Vous n’avez pas pris ce quiz depuis la dernière actualisation